[Event "Hosur op 3rd"]
[Site "Hosur"]
[Date "2023.02.02"]
[Round "4"]
[White "Apoorv, Kamble"]
[Black "Vibhakar, Venkatakrishnan"]
[Result "1-0"]
[WhiteElo "1856"]
[BlackElo "1450"]
[PlyCount "49"]
[EventDate "2023.02.01"]
[EventType "swiss"]
[EventRounds "9"]
[EventCountry "IND"]
[SourceTitle "CBM 212 Extra"]
[Source "ChessBase"]
[SourceDate "2023.03.31"]
[SourceVersion "1"]
[SourceVersionDate "2023.03.31"]
[SourceQuality "1"]

1. e4 c5 2. Nf3 Nc6 3. Nc3 Nf6 4. d4 cxd4 5. Nxd4 e5 6. Ndb5 d6 7. Nd5 Nxd5 8. exd5 Nb8 9. Qf3 a6 10. Qa3 Be7 11. Bg5 f6 12. Bd2 0-0 13. Bb4 Qd7 14. Bd3 b6 15. 0-0-0 Rd8 16. Qa4 Bb7 17. Nc3 Qg4 18. Ba3 Qc8 19. Qh4 g6 20. f4 Qc7 21. f5 g5 22. Qh6 Rd7 23. h4 gxh4 24. Rxh4 Bd8 25. Ne4 1-0